|
|
|
|
| LEADER |
02065cas a2200253 a 4500 |
| 001 |
AALejournalIMF009133 |
| 008 |
230101c9999 xx r poo 0 0eng d |
| 020 |
|
|
|c 5.00 USD
|
| 020 |
|
|
|z 9781451850581
|
| 022 |
|
|
|a 1018-5941
|
| 040 |
|
|
|a BD-DhAAL
|c BD-DhAAL
|
| 100 |
1 |
|
|a Ter-Minassian, Teresa.
|
| 245 |
1 |
4 |
|a The Distributional Effects of Public Expenditure :
|b Update and Overview /
|c Teresa Ter-Minassian, Gerd Schwartz.
|
| 264 |
|
1 |
|a Washington, D.C. :
|b International Monetary Fund,
|c 1995.
|
| 300 |
|
|
|a 1 online resource (28 pages)
|
| 490 |
1 |
|
|a IMF Working Papers
|
| 500 |
|
|
|a <strong>Off-Campus Access:</strong> No User ID or Password Required
|
| 500 |
|
|
|a <strong>On-Campus Access:</strong> No User ID or Password Required
|
| 506 |
|
|
|a Electronic access restricted to authorized BRAC University faculty, staff and students
|
| 520 |
3 |
|
|a It is commonly agreed that economic policies, including budgetary policies, can have potentially strong distributional effects. Traditional economic analysis held that economic policies affected the income distribution primarily through their impact on the rate of growth. More recently, it has come to be recognized that qualitative aspects of economic growth are probably more important than the rate of growth itself. While recent research has confirmed the potential role of expenditure policies as a redistributive tool, it has also shown that redistribution does not necessarily have to come at the expense of economic growth and efficiency. Although there are substantial analytical and technical problems to be faced in the design of equitable and cost-effective public expenditure programs, unfavorable distributional outcomes of these programs can usually be traced more to political and institutional pressures than to purely technical factors.
|
| 538 |
|
|
|a Mode of access: Internet
|
| 700 |
1 |
|
|a Schwartz, Gerd.
|
| 830 |
|
0 |
|a IMF Working Papers; Working Paper ;
|v No. 1995/084
|
| 856 |
4 |
0 |
|z Full text available on IMF
|u http://elibrary.imf.org/view/journals/001/1995/084/001.1995.issue-084-en.xml
|z IMF e-Library
|